| 000 | 00387nam a2200145 i 4500 | ||
|---|---|---|---|
| 001 | 88559 | ||
| 003 | ES-MaACL | ||
| 005 | 20230906175900.0 | ||
| 007 | t| | ||
| 008 | 050104s1911 fr ||||1| fre d | ||
| 100 | 1 |
_aLamaze, Paul de. _969792 |
|
| 245 | 1 | 4 |
_aLes limites du droit de gréve / _cPaul de Lamaze. |
| 260 |
_aParís : _bArthur Rousseau, _c1911. |
||
| 852 |
_aES-MaACL _jT-1236-F-3 |
||
| 999 |
_c88559 _d88559 |
||